000 00733nam a2200205 a 4500
001 000984369
003 AM-YEHGA
005 20250617164556.0
008 130930s1962 ru r 000 0 rus d
040 _aAM-YeHGA
041 0 _arus
100 1 _aГробов, Григорий Михайлович
245 1 0 _aБоевые помощники партии :
_bБорьба советской печати за выполнение решения ХХII съезда КПСС /
_cГ.М. Гробов.
260 _aХарьков :
_bКн. изд-во,
_c1962.
300 _a71 с.
650 1 4 _aРабселькоры
650 1 4 _aКорреспонденция в газете
942 _2udc
_cBK
090 _c563383
999 _c526026
_d526026